000 00313nam a22001337a 4500
008 170608b xxu||||| |||| 00| 0 eng d
020 _a9780719036606
041 _aeng
080 _a94
100 _a18
101 _aSHH
245 _aA HISTORY OF INTERNATIONAL RELATIONS THEORY
_cKNUTSEN,T.L
942 _2udc
_cBK
999 _c16576
_d16576